01339nac a22003617a 4500001001000000003000900010005001700019008003400036040005400070072001800124090001900142100001700161100001200178100002100190100001800211100002400229100001900253100001800272110007800290245017300368260003600541300001000577490008800587650001000675650001400685650002500699650001300724650001100737909004700748942001700795999001900812952014600831BR8004364BR-BrBNA20240105114744.0230509b bl.|||m| |||| 00| 0 por d aBR-BrBNAbporcBiblioteca Nacional de Agricultura aF00; F30; F25 a0180 BR80043641 aBassoi, M.C.1 aPan, W.1 aFranco, F. de A.1 aMarostica, N.1 aOliveira, M.A.R. de1 aArrelaga, L.E.1 aCarraro, I.M.1 aOrganizacao das Cooperativas do Estado do Parana, Cascavel (Brasil)977251 aTrigo - 1980. Recomendacoes para o Estado do Parana - cultivares, zoneamento, epocas de semeadura, densidade de semeadura, adubacao, tratamento quimico [Parana, Brasil]3 aCascavel, PR (Brasil): c1980.  a54 p. aBoletim Tecnico - Organizacao das Cooperativas do Estado do Parana (Brazil)vno.5x aTRIGO aSEMEADURA aDENSIDADE DE PLANTIO aADUBACAO aPARANA a202312bLúcia Elandec55dLúcia Elande 2AGRISn0cMS c271125d271125 002AGRIS40708Acervo Gerala41918b41918cAGROBASEl0o0180 BR8004364p0180 BR8004364r2023-12-18yMSePortaria Interministerial nº 164/94